|
|
|
|
| LEADER |
02339nam a22003737a 4500 |
| 001 |
43708 |
| 003 |
BD-DhAAL |
| 005 |
20251027095700.0 |
| 008 |
241030t2024 bg a|||| b||| 00| 0 eng d |
| 020 |
|
|
|a 9789849906995
|
| 040 |
|
|
|a BD-DhAAL
|d BD-DhAAL
|
| 082 |
|
|
|a 370.72
|2 23
|
| 245 |
|
|
|a Reflection /
|c Advisory board and editing panel Sang Lee... [et al.].
|
| 250 |
|
|
|a First edition.
|
| 260 |
|
|
|a Dhaka, Bangladesh :
|b Tangon,
|c 2024.
|
| 300 |
|
|
|a 189 pages :
|b illustrations ;
|c 21 cm.
|
| 504 |
|
|
|a Includes bibliographical references.
|
| 541 |
|
|
|a Complimentary copy from BRAC University Research For Development Club (BURED)
|e 43708, 43709, 43710
|
| 650 |
|
|
|a Education
|x Research.
|9 56723
|
| 650 |
|
|
|a Education, Higher.
|
| 650 |
|
|
|a Continuing education.
|
| 650 |
|
|
|a Education.
|
| 700 |
|
|
|a Lee, Sang.
|9 40368
|
| 700 |
|
|
|a Andalib, Tarnima Warda.
|9 57083
|
| 700 |
|
|
|a Doumanidis, Charalabos (Haris).
|9 57084
|
| 700 |
|
|
|a Kabir, Md Saif.
|9 57085
|
| 710 |
|
|
|a BRAC University Research for Development Club (BURED)
|9 57086
|
| 852 |
|
|
|a Ayesha Abed Library
|c General Stacks
|
| 856 |
|
|
|z Full text available on Brac University Institutional Repository
|u https://dspace.bracu.ac.bd/xmlui/handle/10361/24400
|
| 942 |
|
|
|2 ddc
|c BK
|
| 999 |
|
|
|c 47079
|d 47079
|
| 952 |
|
|
|0 0
|1 0
|2 ddc
|4 0
|6 370_720000000000000_REF
|7 0
|8 RPT
|9 76842
|a BRACUL
|b BRACUL
|c GEN
|d 2024-10-30
|e Complimentary copy from BRAC University Research For Development Club (BURED)
|g 300.00
|l 2
|o 370.72 REF
|p 3010043708
|r 2024-11-13
|s 2024-11-07
|t 1
|w 2024-10-30
|y BK
|x Price available in register. Complimentary copy from BRAC University Research For Development Club (BURED)
|
| 952 |
|
|
|0 0
|1 0
|2 ddc
|4 0
|6 370_720000000000000_REF
|7 1
|8 RPT
|9 76844
|a BRACUL
|b BRACUL
|c REF
|d 2024-10-30
|e Complimentary copy from BRAC University Research For Development Club (BURED)
|g 300.00
|l 0
|o 370.72 REF
|p 3010043709
|r 2024-10-30
|t 2
|w 2024-10-30
|y BK
|x Price available in register. Complimentary copy from BRAC University Research For Development Club (BURED)
|
| 952 |
|
|
|0 0
|1 0
|2 ddc
|4 0
|6 370_720000000000000_REF
|7 1
|8 RPT
|9 76845
|a BRACUL
|b BRACUL
|c REF
|d 2024-10-30
|e Complimentary copy from BRAC University Research For Development Club (BURED)
|g 300.00
|l 0
|o 370.72 REF
|p 3010043710
|r 2024-10-30
|t 3
|w 2024-10-30
|y BK
|x Price available in register. Complimentary copy from BRAC University Research For Development Club (BURED)
|